[Event "EU-Cup 31st"]
[Site "Skopje"]
[Date "2015.10.18"]
[Round "1.2"]
[White "Petrov, Nikita"]
[Black "Kacakovski, Dimitar"]
[Result "1-0"]
[WhiteElo "2450"]
[BlackElo "2150"]
[PlyCount "41"]
[EventDate "2015.10.18"]
[EventType "team-swiss"]
[EventRounds "7"]
[EventCountry "MKD"]
[SourceTitle "CBM 169"]
[Source "ChessBase"]
[SourceDate "2015.11.10"]
[SourceVersion "1"]
[SourceVersionDate "2015.11.10"]
[SourceQuality "1"]
[WhiteTeam "Geneve"]
[BlackTeam "Karpos"]
[WhiteTeamCountry "SUI"]
[BlackTeamCountry "MKD"]

1. Nf3 d5 2. g3 c5 3. Bg2 Nf6 4. 0-0 Nc6 5. d4 e6 6. c4 Be7 7. dxc5 Bxc5 8. a3 dxc4 9. Qc2 b5 10. b3 Qb6 11. bxc4 bxc4 12. Nbd2 Ba6 13. Rb1 Qc7 14. Nxc4 Rc8 15. Bf4 Qe7 16. Nfe5 Nxe5 17. Qa4+ Ned7 18. Nd6+ Kf8 19. Qxa6 Rd8 20. Nc8 Qe8 21. Bd6+ 1-0

[Event "FRM-chT 24th"]
[Site "Struga"]
[Date "2015.07.25"]
[Round "6"]
[White "Kacakovski, Dimitar"]
[Black "Stefanovski, Dushan"]
[Result "1/2-1/2"]
[WhiteElo "2173"]
[BlackElo "2324"]
[PlyCount "46"]
[EventDate "2015.07.20"]
[EventType "team-tourn"]
[EventRounds "7"]
[EventCountry "MKD"]
[SourceTitle "CBM 167 Extra"]
[Source "ChessBase"]
[SourceDate "2015.09.14"]
[SourceVersion "1"]
[SourceVersionDate "2015.09.14"]
[SourceQuality "1"]
[WhiteTeam "Skopje Karposh"]
[BlackTeam "Gostivar"]
[WhiteTeamCountry "MKD"]
[BlackTeamCountry "MKD"]

1. e4 c5 2. Nf3 e6 3. g3 Nc6 4. Bg2 Nf6 5. Qe2 d6 6. 0-0 Be7 7. c3 e5 8. Na3 Bg4 9. h3 Bd7 10. d4 Qc8 11. dxe5 dxe5 12. Nc4 Bxh3 13. Nfxe5 Bxg2 14. Kxg2 b5 15. Nb6 axb6 16. Qxb5 0-0 17. Nxc6 Qe6 18. Nxe7+ Qxe7 19. Re1 Qe6 20. a3 Ra5 21. Qe2 c4 22. f3 Re8 23. Be3 Rh5 1/2-1/2